000 00376nam a2200157 i 4500
001 bg
100 1 _aBĘBENEK, Bartłomiej
245 0 _aZbiór ćwiczeń i zadań z dynamiki cieczy /
_cB. Bębenek.
250 _aWyd.2.
260 _aKraków,
_c1991.
040 _cBPK
041 _apol
080 _a532(075.8)
942 _cKS
008 s pl f |000 0 pol
999 _c4691
_d4691
856 _uhttp://koha.tu.koszalin.pl/cgi-bin/koha/opac-detail.pl?biblionumber=4691
_yKatalog online BPK